000
00315nam a22001217a 4500
020
_a
0-7131-3232-9
082
_a
621.8 HAN'M
100
_a
STEPHENS, R. C,HANNAH, J
_9
77546
245
_a
MECHANICS OF MACHINES ELEMENTRY THEORY AND EXAMPLES
260
_a
LONDON
_b
EDWARD ARNOLD
_c
1970
300
_a
232P
942
_c
BK
999
_c
582809
_d
582809